Music Quiz

Random Music or Bands Quiz

Third in Line: Studio Albums Quiz Stats

 Plays Quiz Updated Aug 2, 2018

Score 0/20 Timer 03:00
0 Plays Today
% Correct
Bruce Springsteen
93%
The Beatles
92.7%
The Clash
91%
Alanis Morissette
87.1%
Bob Dylan
86.7%
Metallica
86.5%
Nirvana
85.8%
Green Day
85.6%
Radiohead
83.2%
Bon Jovi
79.1%
% Correct
The Jimi Hendrix Experience
76.4%
David Bowie
76%
My Chemical Romance
75%
Guns n' Roses
72.9%
Neil Young
72.6%
Coldplay
71.4%
U2
71.3%
Van Morrison
70.3%
Creedence Clearwater Revival
69.9%
Pearl Jam
66.8%

You're not logged in!

Compare scores with friends on all Sporcle quizzes.
OR
Log In

Sporcle TV

Today on Sporcle TV


Watch our educational content, quiz creation guides, and fun videos on Sporcle TV.

Show Comments

Extras

Top Quizzes Today


Score Distribution

Your Account Isn't Verified!

In order to create a playlist on Sporcle, you need to verify the email address you used during registration. Go to your Sporcle Settings to finish the process.

Report this User

Report this user for behavior that violates our Community Guidelines.

Details: